000
00315nam a2200133Ia 4500
008
240624s9999 xx 000 0 und d
041
_a
eng
082
_a
153.4 LEV
100
_a
LEVITIN DANIEL
245
_a
ORGANIZED MIND
260
_c
2014
_a
India
_b
Penguin
300
_a
Kshatriya , 496 p.; 20 cm.
365
_c
RS
999
_c
25386
_d
25386